| 000 | 00667nam a2200241 a 4500 | ||
|---|---|---|---|
| 005 | 20140310183512.0 | ||
| 008 | 101005s19uu xx 00 eng d | ||
| 050 |
_aRT 41 _b.T46 2010 |
||
| 245 |
_aBrunner & Suddarth's Textbook of Medical-surgical nursing : _bVol.1. |
||
| 250 | _a12th | ||
| 260 |
_bWolters Kluwer/Lippincott Williams & Wilkins, _c2010. |
||
| 300 |
_a2400 p. : _bill. ; _c27 cm. |
||
| 521 | _aNUR | ||
| 650 | _aNursing. | ||
| 650 | _aSurgical nursing. | ||
| 700 | _aSmelter,Suzanne C. | ||
| 700 | _aBare, Brenda | ||
| 700 | _aHinkle, Janice | ||
| 700 | _aCheever, Kerry | ||
| 942 |
_cBK _2lcc _kFOR |
||
| 999 |
_c24209 _d24209 |
||